Do less, achieve more : Discover the hiden power of giving in

Bibliographic Details
Main Author: Chu, Chin-Ning
Format: Book
Published: New York : ReganBooks , 1998
Subjects:

MARC

LEADER 00000cam a2200000 7i4500
001 0000009734
005 20220330.0
020 |a 0060988754 
040 |a INS 
090 0 0 |a BF637.S8   |b .C4785 1998 
100 1 |a Chu, Chin-Ning 
245 1 0 |a Do less, achieve more :   |b Discover the hiden power of giving in   |c Chin-Ning Chu 
260 |a New York :   |b ReganBooks ,   |c 1998 
300 |a 205p. ;   |c 19cm. 
650 0 0 |a Self-actualization (Psychology) 
650 0 0 |a Success 
999 |a 0000008312   |b BOOK   |c Open Shelf   |e Default branch